000 00559nam a2200241Ia 4500
003 OSt
005 20220912145709.0
006 a|||||r|||| 00| 0
007 ta
008 220909b |||||||| |||| 00| 0 eng d
024 _a73624
037 _cTextual
040 _aCSL
_beng
_cCSL
041 _aeng
082 _aAwN0, H41
100 _aJaffe Benard
245 0 _aMen of science in america
260 _c1944
300 _ap.
_ccm.
650 _aScience
942 _hAwN0, H41
_cTEXL
_2CC
999 _c36535
_d36535